000 00918nam a22002537a 4500
999 _c18994
_d18994
003 AR-CdUCM
008 190516b ||||| |||| 00| 0 spa d
020 _a968-816-084-9
040 _aMUNICIPALIDAD PROVINCIAL DEL CUSCO
_cBIBLIOTECA MUNICIPAL DEL CUSCO
082 _a869.15 /
_bP73
110 _aComité Interno de Ediciones Gubernamentales.
_939977
245 _aPoetas Franceses y Norteamericanos /
260 _aMéxico :
_bComité Interno de Ediciones Gubernamentales,
_c1988.
300 _a61 páginas ;
_c22 cm.
440 _aColección Ciudad y Cultura.
_n4
_940001
505 _aContenido: Poetas Franceses -- Poetas Norteamericanos.
650 _aPoetas
_91966
650 _aMexicanos
_940002
650 _aNorteamericanos
_940003
700 _aNovo, Salvador (versión selección)
_940004
710 _aDepartamento del Distrito Federal.
_912486
942 _2ddc
_cLIBROS
945 _aachl
_d2019-05-16